| 000 | 00954nam a2200265 a 4500 | ||
|---|---|---|---|
| 003 | BLK | ||
| 005 | 20240404111331.0 | ||
| 008 | 200317b bu |||||r|||| 00| | bu d | ||
| 020 | _a9789542623007 | ||
| 040 | _aBLK | ||
| 041 |
_aBUL _cBUL |
||
| 080 |
_aБългарска литература _b821.163.2 _z821.163.2-31 |
||
| 100 |
_aДобротинов, Христо Георгиев _eпърви автор _91299 |
||
| 139 |
_aДобротинов, Христо Георгиев _bД 68 |
||
| 245 |
_aСтряха _bПриказката като живот : роман _cХристо Добротинов. |
||
| 260 |
_9209439 _aПловдив _bХермес _c2023 _fСофия : Алианс принт |
||
| 300 |
_a176 с. _c20 см |
||
| 380 | _aX | ||
| 942 |
_cKNG _n0 _s1 _012 |
||
| 999 |
_c498752 _d498752 |
||
| 999 | _d349112 | ||
| 999 | _d349112 | ||
| 999 | _d349112 | ||
| 999 | _d349112 | ||
| 944 |
_a30545 _cНора Радева _k30530 _lМинев Младен |
||